LEADER 01060nam a2200265 i 4500 001 000000158597 003 CaOOAMICUS 005 20070209000000.0 008 070209s1974 it u000 u ita u 013 $a135960 040 $aSeMil$bita 100 1 $aCaramel, Luciano,$d<1935- >.$0(OLS)http://semarc/name/7887 245 10$aGalleria d'arte moderna. Opere del Novecento /$cLuciano Caramel, Carlo Pirovano. 260 $aMilano :$bElecta,$cstampa 1974. 300 $a1 v. :$briccamente ill. ;$c25x25. 490 0 $aMusei e gallerie di Milano 500 $aFondo Card. Giovanni Colombo. 700 1 $aPirovano, Carlo.$0(OLS)http://semarc/name/264 830 0$aMusei e gallerie di Milano.$0(OLS)http://semarc/title/491 850 $aSeMil 852 $aSeMil$W1$xVenegono$y1$m5G XVI 14$j110239$B110239$CSeMilBibl$Z2$F119875 $81 941 1 $a3 961 $aLascito: Colombo Card. Giovanni 996 $6245$aGalleria d'arte moderna. Opere del Novecento$9(OLS)http://semarc/title/140180 996 $6260$aMilano :$bElecta$9(OLS)http://semarc/publisher/29711 LEADER 01329nam a2200313 i 4500 001 000000113688 003 CaOOAMICUS 005 20030401000000.0 008 030401s1990 fr u000 u fre u 013 $a86374 020 $a2-89007-705-5 040 $aSeMil$bita 100 1 $aGiuliani, Maurice .$0(OLS)http://semarc/name/93020 245 12$aL'expérience des exercises spirituels dans la vie /$cMaurice Giuliani. 260 $a[S.l.] :$bBellarmin,$ccopyr. 1990. 260 $aParis :$bDesclée de Brouwer,$ccopyr. 1990. 300 $a208 p. ;$c20 cm. 490 0 $aCollection Christus : textes, essais, études ;$v71. 500 $aFondo Card. C.M. Martini. 650 4$aEsercizi spirituali.$0(OLS)http://semarc/subject/175 830 0$aCollection Christus ;$v71.$0(OLS)http://semarc/title/11573 850 $aSeMil 852 $aSeMil$W1$xVenegono$y1$m2C III 469$j69350$B69350$CSeMilBibl$Z2$F105035 $81 941 1 $a4 961 $aOmaggio: Martini Card. Carlo Maria 996 $6020$a2-89007-705-5$9(OLS)http://semarc/number/96753 996 $6245$aL'expérience des exercises spirituels dans la vie$9(OLS)http://semarc/title/166037 996 $6260$aParis :$bDesclée de Brouwer$9(OLS)http://semarc/publisher/30132 996 $6260$a[S.l.] :$bBellarmin$9(OLS)http://semarc/publisher/45260